[Event "Charlotte Spring GM Invitational 2021"]
[Site "Charlotte"]
[Date "2021.03.20"]
[Round "5.3"]
[White "Mishra, Abhimanyu"]
[Black "Wang, Kevin"]
[Result "1/2-1/2"]
[WhiteElo "2370"]
[BlackElo "2402"]
[Annotator "TA"]
[PlyCount "69"]
[EventDate "2021.03.17"]
[EventType "tourn"]
[EventCountry "USA"]
[SourceTitle "playchess.com"]
[Source "ChessBase"]
[SourceQuality "1"]

{[%evp 9,69,19,14,18,16,14,19,19,18,16,21,22,24,23,25,16,16,18,30,19,23,18,19,20,19,18,32,15,16,16,14,13,23,23,23,23,22,22,29,18,18,0,0,0,0,0,0,0,3,0,0,0,1,0,37,27,30,-37,-37,-37,-37,-37]} 1. d4 d5 2. c4 e6 3. Nf3 Nf6 4. Nc3 a6 5. c5 b6 6. cxb6 {D37: Queen's Gambit Declined: 5 Bf4.} cxb6 7. Bf4 Bd6 8. Bxd6 {The position is equal.} Qxd6 9. e3 Nbd7 10. Bd3 Bb7 11. O-O O-O {[#]} 12. a4 $146 ({Predecessor:} 12. Qe2 b5 13. a4 b4 14. Nb1 a5 15. Nbd2 Rfc8 16. Nb3 Ne4 17. Rfc1 Qb6 18. Bb5 {½-½ (90) Pogosyan,S (2344)-Khanin,S (2524) Loo 2019}) 12... Rfc8 13. Qb3 Rc6 14. h3 h6 15. Rac1 Rac8 16. Rc2 Qb8 17. Rfc1 R8c7 18. Ne2 (18. Qa3 {keeps more tension.} Ne4 19. b4 Rc8 20. Qb2 R6c7 21. b5) 18... Rxc2 19. Rxc2 Rxc2 20. Qxc2 Qc8 (20... a5 {seems wilder.} 21. Qb3 Qd8 22. Bb5 Qc8 23. Nc3 Ba6) 21. Qxc8+ Bxc8 22. b4 Kf8 23. Nc3 Ne8 24. Nd2 Ke7 25. f4 Nb8 26. b5 Nd6 27. g4 axb5 28. axb5 Bd7 29. Kf2 Be8 30. Kf3 Nd7 31. g5 f6 32. gxh6 gxh6 33. Kg4 (33. f5 $11) 33... f5+ $15 34. Kh4 Nf6 35. Kg3 {Weighted Error Value: White=0.07/Black=0.03} 1/2-1/2

[Event "Charlotte Spring GM Invitational 2021"]
[Site "Charlotte"]
[Date "2021.03.20"]
[Round "5.4"]
[White "Gauri, Shankar"]
[Black "Yip, Carissa"]
[Result "1-0"]
[WhiteElo "2353"]
[BlackElo "2423"]
[Annotator "TA"]
[PlyCount "77"]
[EventDate "2021.03.17"]
[EventType "tourn"]
[EventCountry "USA"]
[SourceTitle "playchess.com"]
[Source "ChessBase"]
[SourceQuality "1"]

{[%evp 9,77,22,35,19,32,27,28,18,35,27,31,25,33,9,19,11,18,17,27,37,44,0,0,0,0,4,3,6,19,27,29,0,32,31,32,19,48,0,25,0,43,45,48,48,97,97,111,122,129,140,134,148,136,143,279,275,268,267,813,788,29983,29984,29984,29985,29984,29985,29994,1313,29995,29996]} 1. d4 Nf6 2. Nf3 g6 3. Nbd2 d5 4. e3 Bg7 5. b4 c6 6. Be2 {D02: 1 d4 d5 2 Nf3 sidelines, including 2...Nf6 3 g3 and 2...Nf6 3 Bf4.} O-O 7. c4 Bg4 8. O-O {White has an edge.} Nbd7 9. h3 Bxf3 10. Nxf3 {[#]} a5 $146 ({Predecessor:} 10... dxc4 11. Bxc4 Nd5 12. Bd2 e5 13. dxe5 Nxe5 14. Nxe5 Bxe5 15. Rc1 Bc7 16. Bxd5 cxd5 {½-½ (31) Ravi,T (2383)-Mehar,C (2348) Budapest 2019}) 11. b5 cxb5 12. cxb5 Ne4 13. Bb2 a4 14. Rc1 Qa5 15. Ne5 Nb6 (15... a3 $5 16. Ba1 $8 Nxe5 17. dxe5 e6 $11) 16. Qe1 Qxe1 17. Rfxe1 Rfc8 18. f3 Nd6 19. Ba3 Nf5 20. Bd3 (20. Kf2 {is interesting.} f6 21. Nd3 Nc4 22. Bc5 Bh6 23. f4) 20... f6 21. Bxf5 gxf5 22. Nd3 Kf7 23. Kf2 (23. Bc5 $5 {[%cal Rc5b6]} Nd7 24. g4 $14) 23... e6 24. g4 fxg4 25. hxg4 Nc4 26. Bb4 Bh6 27. f4 Bf8 28. Bxf8 Rxf8 29. Rh1 Rh8 30. f5 exf5 31. gxf5 Ra5 {[#]} (31... h5 $16 {was worth a try.} 32. Nf4 Rac8 33. Nxd5 h4) 32. e4 $1 $18 {[%cal Re4d5]} Rxb5 33. exd5 Nd6 (33... Rxd5 34. Rxc4 Rxf5+ 35. Ke3 Re8+ 36. Kd2 h5 37. Rxa4 Re4) 34. Rc7+ Kg8 35. Rg1+ Kf8 36. Nc5 Rb2+ 37. Kf3 Rxa2 38. Ne6+ Ke8 39. Rgg7 {[%csl Gc7][%cal Rg7e7] Weighted Error Value: White=0.07/Black=0.38} 1-0

[Event "Charlotte Spring GM Invitational 2021"]
[Site "Charlotte"]
[Date "2021.03.20"]
[Round "5.5"]
[White "Hilby, Craig"]
[Black "Ostrovskiy, Aleksandr"]
[Result "0-1"]
[WhiteElo "2454"]
[BlackElo "2431"]
[Annotator "TA"]
[PlyCount "98"]
[EventDate "2021.03.17"]
[EventType "tourn"]
[EventCountry "USA"]
[SourceTitle "playchess.com"]
[Source "ChessBase"]
[SourceQuality "1"]

{[%evp 20,98,10,12,35,28,25,12,24,39,35,25,22,28,31,38,30,33,37,11,10,10,9,-8,-7,-8,42,31,38,23,26,14,14,12,11,14,27,26,6,0,0,8,8,8,8,8,8,8,0,0,24,0,0,0,0,0,0,0,0,0,0,-661,-656,-634,-91,-627,-661,-716,-584,-533,-498,-12817,-6432,-7420,-6410,-5377,-7104,-29989,-29990,-29990,-29991]} 1. d4 d5 2. c4 c6 3. Nf3 Nf6 4. Nc3 dxc4 5. a4 Bf5 6. Ne5 Nbd7 7. Nxc4 Qc7 8. g3 e5 9. dxe5 Nxe5 10. Bf4 Nfd7 {[#]} 11. Bg2 $1 g5 {D17: Slav Defence: 5 a4 Bf5: Lines with 6 Nh4 and 6 Ne5.} (11... f6 12. O-O) 12. Ne3 gxf4 13. Nxf5 O-O-O {The position is equal.} 14. Qc2 fxg3 15. hxg3 Nf6 16. O-O h5 17. Rfd1 Bc5 18. e3 a5 19. Na2 Qb6 20. Rac1 {Threatens to win with Rxd8+.} Nfg4 {[%cal Rc5e3] [#]} 21. Be4 $146 {[#] Black must now prevent Rxd8+.} ({Predecessor:} 21. Rxd8+ Rxd8 22. Qc3 Rd3 23. Qc2 Bxe3 24. Nxe3 Nxe3 25. fxe3 Qxe3+ 26. Qf2 Qxf2+ 27. Kxf2 {½-½ (37) Timman,J (2610)-Swinkels,R (2487) Germany 2014}) 21... Rxd1+ 22. Rxd1 Rd8 23. Rxd8+ Kxd8 24. Qc3 (24. Kg2 {with more complications.} Kc7 25. b3 Bb4 26. Qd1 Nf6 27. Bc2) 24... Bb4 25. Nxb4 Qxb4 26. Qxb4 axb4 $11 {[%mdl 4096] Endgame KBN-KNN} 27. b3 Nf6 28. Bc2 Kd7 29. f4 Nf3+ 30. Kf2 Nd2 31. Ke2 Nde4 32. Bxe4 Nxe4 {KN-KN} 33. Kd3 Nf2+ 34. Kc4 Ke6 35. Nd4+ Kd6 $1 36. a5 c5 (36... Ne4 $5) 37. Nf5+ Kc6 38. Ne7+ Kd6 39. Nf5+ Kc6 40. Ng7 $2 {[%mdl 8192]} (40. Ne7+ $11 Kd6 41. Nf5+) 40... Ne4 $19 41. Nxh5 {intending Kd3.} Nd2+ 42. Kd3 {White does not recover from this.} Nxb3 43. g4 Nxa5 44. g5 c4+ 45. Kc2 (45. Kd2 $142 b3 46. Ng3) 45... b3+ 46. Kb2 b5 {[%cal Bb7b5,Bb5b4][%mdl 32]} 47. f5 b4 48. Ng3 c3+ 49. Kb1 Nc4 {Weighted Error Value: White=0.61/Black=0.06} 0-1

[Event "Charlotte Spring GM Invitational 2021"]
[Site "Charlotte"]
[Date "2021.03.20"]
[Round "6.2"]
[White "Yip, Carissa"]
[Black "Hilby, Craig"]
[Result "1/2-1/2"]
[WhiteElo "2423"]
[BlackElo "2454"]
[Annotator "TA"]
[PlyCount "90"]
[EventDate "2021.03.17"]
[EventType "tourn"]
[EventCountry "USA"]
[SourceTitle "playchess.com"]
[Source "ChessBase"]
[SourceQuality "1"]

{[%evp 21,90,0,0,-29,-37,-31,-24,-24,-24,-25,0,0,0,0,0,0,18,0,0,0,0,0,0,-18,-10,-83,-87,-148,-147,-160,-139,-152,-159,-157,-161,-159,-152,-154,-121,-160,-151,-144,-143,-143,-115,-104,-132,-229,-229,-229,-229,-247,-240,-239,-232,-319,-340,-315,0,-276,0,-268,-220,-225,-222,-229,-215,-227,0,-217,0]} 1. e4 e6 2. d4 d5 3. Nd2 c5 4. exd5 Qxd5 5. Ngf3 cxd4 6. Bc4 Qd6 7. Qe2 Nf6 8. Nb3 Nc6 9. Bg5 a6 10. O-O-O b5 11. Bd3 Be7 12. Kb1 {C07: French Tarrasch: 3...c5, 4 Ngf3 and 4 exd5 Qxd5.} Bb7 13. Nbxd4 Nxd4 14. Nxd4 {Black has an edge.} O-O ({Wrong is} 14... Bxg2 $2 15. Nf5 $18) 15. Rhe1 {aiming for Bxf6.} Qxd4 16. Bxh7+ $1 {[%mdl 64] [#] Discovered Attack} Nxh7 17. Rxd4 Bxg5 18. f4 Bf6 19. Rdd1 {[#]} Rfc8 $146 ({Predecessor:} 19... g6 20. g4 Rac8 21. f5 exf5 22. gxf5 gxf5 23. Qd3 Be4 24. Rxe4 fxe4 25. Qxe4 Kh8 26. a3 {½-½ (26) Sermek,D (2545)-Naumkin,I (2489) Porto San Giorgio 1999}) 20. g4 Nf8 21. g5 Bd8 22. h4 Rc4 $1 23. h5 (23. Qf2 $11 {remains equal.}) 23... Rxf4 $17 24. h6 ({Better is} 24. g6) 24... Bxg5 25. hxg7 Ng6 {White must now prevent ...Bf3.} 26. Rf1 Kxg7 27. Qh5 Rxf1 28. Rxf1 Bf6 29. Qe2 {Qf2 is the strong threat.} Bh4 30. Qe3 {Black should prevent Qd4+.} Rd8 31. Qc3+ e5 32. Qc7 {[#]} Bf3 $1 {[%mdl 512]} 33. a4 e4 34. a5 (34. axb5 $17 axb5 35. Qb7) 34... Re8 $19 35. Qc3+ Bf6 36. Qe3 Re6 37. Rf2 Be5 38. Rf1 Bf4 39. Qd4+ Be5 40. Qe3 Bf4 41. Qd4+ Kh7 42. Qd5 Be5 43. Qb3 Bd4 44. Qd5 Be5 45. Qb3 $1 Kg7 $2 {Weighted Error Value: White=0.13/Black=0.26} (45... Kg8 $19 46. Qd5 Bc7) 1/2-1/2

[Event "Charlotte Spring GM Invitational 2021"]
[Site "Charlotte"]
[Date "2021.03.20"]
[Round "6.3"]
[White "Wang, Kevin"]
[Black "Ostrovskiy, Aleksandr"]
[Result "1/2-1/2"]
[WhiteElo "2402"]
[BlackElo "2431"]
[Annotator "NA"]
[PlyCount "39"]
[EventDate "2021.03.17"]
[EventType "tourn"]
[EventCountry "USA"]
[SourceTitle "playchess.com"]
[Source "ChessBase"]
[SourceQuality "1"]
[TimeControl "5400+30"]

1. e4 {[%emt 0:00:00]} c6 {[%emt 0:00:00]} 2. Nf3 {[%emt 0:00:00]} d5 {[%emt 0:00:00]} 3. d3 {[%emt 0:00:26]} dxe4 {[%emt 0:03:43]} 4. dxe4 {[%emt 0:00:35]} Qxd1+ {[%emt 0:00:16]} 5. Kxd1 {[%emt 0:00:06]} Nf6 {[%emt 0:00:03]} 6. Nfd2 {[%emt 0:00:28]} g5 {[%emt 0:01:27]} 7. a4 {[%emt 0:00:53]} Rg8 {[%emt 0:03:24]} 8. Nc3 {[%emt 0:02:39]} Nbd7 {[%emt 0:05:49]} 9. f3 {[%emt 0:07:06]} g4 {[%emt 0:06:10]} 10. Nc4 {[%emt 0:03:17]} e5 {[%emt 0:11:50]} 11. Be3 {[%emt 0:06:33]} gxf3 {[%emt 0:05:55]} 12. gxf3 {[%emt 0:00:48]} Nh5 {[%emt 0:00:32]} 13. Bh3 {[%emt 0:12:41]} Nb6 {[%emt 0:32:19]} 14. Nxb6 {[%emt 0:09:47]} axb6 {[%emt 0:00:25]} 15. Bxc8 {[%emt 0:00:14]} Rxc8 {[%emt 0:00:02]} 16. Rg1 {[%emt 0:02:28]} Rxg1+ {[%emt 0:03:54]} 17. Bxg1 {[%emt 0:00:21]} Rd8+ {[%emt 0:03:49]} 18. Ke1 {[%emt 0:01:39]} Bc5 {[%emt 0:00:18]} 19. Bxc5 {[%emt 0:02:00]} bxc5 {[%emt 0:00:04]} 20. Ne2 {[%emt 0:06:14]} 1/2-1/2

[Event "Charlotte Spring GM Invitational 2021"]
[Site "Charlotte"]
[Date "2021.03.20"]
[Round "6.5"]
[White "Mishra, Abhimanyu"]
[Black "Sinha, Sahil"]
[Result "1/2-1/2"]
[WhiteElo "2370"]
[BlackElo "2353"]
[Annotator "TA"]
[PlyCount "90"]
[EventDate "2021.03.17"]
[EventType "tourn"]
[EventCountry "USA"]
[SourceTitle "playchess.com"]
[Source "ChessBase"]
[SourceQuality "1"]

{[%evp 10,90,29,21,27,16,19,16,33,19,19,16,34,33,28,29,33,13,24,16,13,22,25,11,29,14,15,9,11,21,21,0,22,0,0,0,15,13,0,10,35,22,32,46,32,0,63,63,54,63,48,3,0,0,0,0,0,0,0,0,0,0,0,0,0,0,0,0,0,0,0,0,0,0,0,0,0,0,0,0,0,0,0]} 1. d4 Nf6 2. c4 e6 3. Nf3 Bb4+ 4. Bd2 a5 5. a3 Bxd2+ 6. Qxd2 d5 {E11: Bogo-Indian.} 7. Nc3 O-O 8. e3 Nbd7 9. cxd5 exd5 10. Bd3 Re8 11. Qc2 c6 12. O-O Qe7 13. Rab1 {[#]} b6 $146 ({Predecessor:} 13... Ne4 14. b4 axb4 15. axb4 Ndf6 16. b5 c5 17. dxc5 Nxc5 18. Rfc1 b6 19. Nd4 Qd6 {0-1 (57) Bartholomew,J (2459)-Swiercz,D (2649) chess.com INT 2018}) 14. b4 axb4 15. axb4 Bb7 16. Nd2 h6 17. h3 Ra3 18. Rb3 Rxb3 19. Qxb3 Ra8 20. Rc1 Qd6 21. Nf3 b5 22. e4 dxe4 23. Nxe4 Nxe4 24. Bxe4 Nf6 {[#]} 25. Ne5 $1 {[%mdl 64] Double Attack} Rf8 26. Bxc6 Qxd4 27. Nxf7 Bxc6 28. Rxc6 {And now Nxh6+ would win.} Qd5 29. Qxd5 Nxd5 $14 {[%mdl 4096] Endgame KRN-KRN} 30. Ne5 (30. Nd6 {looks sharper.} Nxb4 31. Rc3 Rd8 32. Nxb5 Rd1+ 33. Kh2) 30... Nxb4 {The position is equal.} 31. Rb6 (31. Rc5 {seems wilder.} Rb8 32. f3 Na6 33. Rc6 Nb4 34. Rd6) 31... Rf5 $1 {[%cal Rf5e5]} 32. Rxb5 (32. f4 {with more complications.} Rxf4 33. Rxb5 Nc2 34. Rd5 Ne3 35. Rd3) 32... Nc6 $1 33. f4 Nxe5 34. fxe5 $11 {KR-KR} Kf7 35. Kh2 Ke6 36. Rb7 Rg5 37. h4 Rg4 38. Kh3 h5 39. Rb6+ Kf5 40. e6 Kf6 41. Rb5 g6 42. Re5 Ke7 (42... Kxe5 $2 {perishes.} 43. e7 $18) 43. g3 Rb4 44. Rg5 Kf6 45. e7 Re4 {Weighted Error Value: White=0.07/Black=0.03} 1/2-1/2

[Event "Charlotte Spring GM Invitational 2021"]
[Site "Charlotte"]
[Date "2021.03.20"]
[Round "7.1"]
[White "Hilby, Craig"]
[Black "Belous, Vladimir"]
[Result "1/2-1/2"]
[WhiteElo "2454"]
[BlackElo "2521"]
[Annotator "TA"]
[PlyCount "43"]
[EventDate "2021.03.17"]
[EventType "tourn"]
[EventCountry "USA"]
[SourceTitle "playchess.com"]
[Source "ChessBase"]
[SourceQuality "1"]

{[%evp 20,43,36,28,63,68,67,69,62,56,63,67,64,66,87,6,7,6,2,7,6,9,10,4,43,6]} 1. e4 c5 2. Nf3 Nc6 3. d4 cxd4 4. Nxd4 e5 5. Nb5 d6 6. N1c3 a6 7. Na3 b5 8. Nd5 Nce7 9. c4 Nxd5 10. exd5 bxc4 11. Nxc4 f5 {B32: Sicilian: Löwenthal and Kalashnikov Variations.} 12. Bd2 a5 $1 13. Qa4+ Bd7 14. Qa3 {[%cal Rd2a5]} Nf6 15. Bxa5 Qb8 16. Nb6 Ra7 17. Bc4 (17. Qc3 $16) 17... Be7 $11 18. O-O {[#]} Bd8 $146 ({Predecessor:} 18... O-O 19. Nxd7 Nxd7 20. b4 e4 21. Qe3 Ne5 22. Be2 Bf6 23. Rac1 h6 24. Rc6 Bg5 {0-1 (66) Krejci,J (2193)-Havlik,J (2261) Klatovy 2007}) 19. Nxd7 Nxd7 20. b4 O-O 21. Rfc1 Qa8 22. Bb5 {Weighted Error Value: White=0.15/Black=0.06} 1/2-1/2

[Event "Charlotte Spring GM Invitational 2021"]
[Site "Charlotte"]
[Date "2021.03.20"]
[Round "7.2"]
[White "Prohaszka, Peter"]
[Black "Mishra, Abhimanyu"]
[Result "0-1"]
[WhiteElo "2581"]
[BlackElo "2354"]
[Annotator "TA"]
[PlyCount "130"]
[EventDate "2021.03.17"]
[EventType "tourn"]
[EventCountry "USA"]
[SourceTitle "playchess.com"]
[Source "ChessBase"]
[SourceQuality "1"]

{[%evp 9,130,1,1,8,7,-6,-5,-15,-10,0,4,5,-12,-25,4,-41,0,0,0,1,25,0,37,0,0,-11,7,-14,-16,-14,-24,-27,-17,-75,-79,-74,-7,-10,-10,-22,0,-16,-8,-10,-12,-27,-12,-14,-14,-14,-25,-7,-20,-158,-143,-193,-224,-242,-226,-239,-238,-244,-241,-239,-238,-221,-215,-436,-422,-412,-384,-336,-227,-420,-416,-29980,-29981,-29975,-686,-591,-180,-163,-83,-29987,-151,-164,-158,-159,-162,-150,-100,-153,-138,-189,0,0,0,-29,-21,-29,-29,-29,-35,-143,-127,-143,-116,-202,-195,-194,-201,-202,0,-464,-482,-473,-455,-285,-286,-29981,-29982,-29982,-29983]} 1. d4 d5 2. Nf3 Nf6 3. c4 c6 4. Nbd2 Bf5 5. Nh4 Be4 6. e3 {D11: Slav Defence: 3 Nf3 sidelines and 3...Nf6 4 e3 Bg4.} e6 7. f3 Bg6 8. g3 {The position is equal.} c5 {[#]} 9. cxd5 $146 ({Predecessor:} 9. Nb3 cxd4 10. Nxd4 a6 11. cxd5 Qxd5 12. Be2 Nc6 13. Nxg6 hxg6 14. Nxc6 Qxc6 15. Bd2 {½-½ (21) Binder,E (2134)-Vaughan,J (2057) ICCF email 2015}) 9... exd5 10. Bb5+ Nc6 11. Qa4 Qc7 12. Kf2 Be7 13. dxc5 $1 Bxc5 14. Nb3 Nd7 15. Bd2 Nb6 16. Qa5 Bd6 17. Rac1 {aiming for Nd4.} O-O 18. Bxc6 bxc6 19. Nd4 Qd7 20. b3 c5 21. Ne2 (21. Rxc5 $11 {keeps the balance.} Bxc5 22. Qxc5) 21... Bd3 $17 22. Nf4 Bb5 ({Better is} 22... Bxf4 $17 23. exf4 c4 24. bxc4 dxc4) 23. Nf5 $11 {[%cal Rf5d6]} Qxf5 24. Qxb5 Rad8 25. Qd3 Qd7 26. Ba5 d4 {Black wants to play ...dxe3+.} 27. e4 f5 28. e5 Bxe5 29. Rxc5 Bxf4 30. gxf4 Qe7 31. Bxb6 (31. Re5 $11 Qh4+ {[%mdl 64] Double Attack} 32. Kg2) 31... axb6 $17 32. Rc6 Qh4+ {[%mdl 64] Double Attack} 33. Kg2 Rfe8 (33... Qxf4 34. Rf1) 34. Rd1 Qxf4 35. Qc4+ Kh8 36. Re6 Rxe6 37. Qxe6 $19 {[%mdl 4096] Endgame KQR-KQR} h6 $1 38. Qe1 $2 (38. Qe2 {was called for.}) 38... d3 39. Qd2 Qd4 40. Qf2 {White hopes to continue with Qxd4.} Qd5 41. Rd2 $2 (41. Qe3 {might work better.}) 41... Qe5 42. Qxb6 (42. Kh1 $19 b5 43. h3) 42... Rd6 43. Qb4 f4 (43... Rg6+ $142 44. Kf2 Re6 45. Kg2 Qe3 46. Qf8+ Kh7 47. Qxf5+ Rg6+ 48. Qxg6+ Kxg6 49. Rb2 d2 50. Rb1 Kg5 51. Kg3 Qe1+ {[%mdl 64] Double Attack} 52. Kh3 Qxb1 53. Kg3 Qe1+ 54. Kh3 d1=Q 55. f4+ Kxf4 56. Kg2 Qg4#) 44. Qe4 Qg5+ (44... Qc5 45. Qe8+ Kh7) 45. Kh1 Rg6 ({Black should play} 45... Qc5 $1 $19 {[%cal Rc5c1] ( -> ...Qc1+)} 46. Qa8+ (46. Rxd3 $2 Qf2 $19) 46... Kh7 47. Qe4+ Rg6) 46. Qe8+ (46. Qe1 $142) 46... Kh7 $17 {[%csl Gg6][%cal Rg5g1]} 47. Qe1 Qd5 48. Qd1 Rd6 49. a4 Qd4 50. a5 (50. b4 $142) 50... Re6 $1 51. a6 (51. Rxd3 $2 Qf2 $19) (51. Kg2 $17) 51... Qe3 $2 ({Not} 51... Rxa6 52. Rxd3 Qa1 53. b4 $11) (51... Qb4 $1 $19 {[%cal Rb4e7]} 52. a7 Qa5) 52. b4 $11 ({Don't go for} 52. Rxd3 $2 Qf2 $19) 52... Qb6 53. Qf1 (53. Ra2 {is more complex.} Qe3 54. b5 h5 55. h3 Re7 56. Kh2) 53... Re3 54. Rxd3 {And now Qb1 would win.} Qxa6 55. Rd1 Qb7 56. Kg2 (56. Qh3 $1 $15 Re5 57. Rb1) 56... Qxb4 $17 57. Qf2 Qc3 58. h3 (58. Qa2 $17) 58... Qc4 $19 {...Re2 is the strong threat.} 59. Rd2 Re6 $1 60. Kh2 {[#]} Re3 $2 (60... Rg6 $1 $19 {Threatens to win with ...Rg3.} 61. Qe1 Qc6) 61. Rb2 $2 {[%mdl 8192]} (61. Kg2 $1 $11 {and White stays safe.}) 61... Qc3 62. Qg2 Rxf3 63. Rb6 {[#] White wants to mate with Qg6+.} Qd3 {White must now prevent ...Rg3.} 64. Rg6 {[#]} (64. Re6 $19) 64... Rxh3+ $1 {[%mdl 512]} 65. Qxh3 Qxh3+ {Weighted Error Value: White=0.64/Black=0.30} 0-1

[Event "Charlotte Spring GM Invitational 2021"]
[Site "Charlotte"]
[Date "2021.03.20"]
[Round "7.4"]
[White "Sinha, Sahil"]
[Black "Wang, Kevin"]
[Result "1/2-1/2"]
[WhiteElo "2324"]
[BlackElo "2402"]
[Annotator "ChessBase"]
[PlyCount "50"]
[EventDate "2021.03.17"]
[EventType "tourn"]
[EventCountry "USA"]
[SourceTitle "playchess.com"]
[Source "ChessBase"]
[SourceQuality "1"]
[TimeControl "5400+30"]

1. d4 {[%emt 0:00:00]} d5 {[%emt 0:00:33]} 2. c4 {[%emt 0:00:00]} e6 {[%emt 0:00:21]} 3. Nc3 {[%emt 0:00:01]} Bb4 {[%emt 0:00:29]} 4. Nf3 {[%emt 0:01:08]} Nf6 {[%emt 0:00:32]} 5. Bg5 {[%emt 0:01:34]} dxc4 {[%emt 0:00:50]} 6. e4 {[%emt 0:01:39]} c5 {[%emt 0:00:55]} 7. Bxc4 {[%emt 0:03:17]} cxd4 {[%emt 0:00:36]} 8. Nxd4 {[%emt 0:01:43]} Qa5 {[%emt 0:00:43]} 9. Bd2 {[%emt 0:01:52]} Qc5 {[%emt 0:01:41]} 10. Bb5+ {[%emt 0:01:17]} Bd7 {[%emt 0:00:40]} 11. Nb3 {[%emt 0:00:34]} Qe7 {[%emt 0:00:35]} 12. Bd3 {[%emt 0:02:03]} Nc6 {[%emt 0:00:33]} 13. a3 {[%emt 0:01:18]} Bd6 {[%emt 0:01:32]} 14. Rc1 {[%emt 0:01:56]} O-O {[%emt 0:04:32]} 15. Bg5 {[%emt 0:05:07]} Rad8 {[%emt 0:14:25]} 16. f4 {[%emt 0:04:48]} h6 {[%emt 0:03:06]} 17. e5 {[%emt 0:03:04]} Bxe5 {[%emt 0:02:15]} 18. fxe5 {[%emt 0:00:24]} Nxe5 {[%emt 0:00:11]} 19. Bf4 {[%emt 0:00:38]} Bb5 {[%emt 0:13:54]} 20. Bxb5 {[%emt 0:07:28]} Rxd1+ {[%emt 0:00:28]} 21. Rxd1 {[%emt 0:00:03]} Qc7 {[%emt 0:01:23]} 22. Rd4 {[%emt 0:01:55]} g5 {[%emt 0:11:14]} 23. Bg3 {[%emt 0:02:17]} Nh5 {[%emt 0:00:59]} 24. Bxe5 {[%emt 0:00:57]} Qxe5+ {[%emt 0:00:29]} 25. Re4 {[%emt 0:00:12]} Qc7 {[%emt 0:39:34]} 1/2-1/2

[Event "Charlotte Spring GM Invitational 2021"]
[Site "Charlotte"]
[Date "2021.03.20"]
[Round "7.5"]
[White "Ostrovskiy, Aleksandr"]
[Black "Yip, Carissa"]
[Result "0-1"]
[WhiteElo "2431"]
[BlackElo "2423"]
[Annotator "ChessBase"]
[PlyCount "121"]
[EventDate "2021.03.17"]
[EventType "tourn"]
[EventCountry "USA"]
[SourceTitle "playchess.com"]
[Source "ChessBase"]
[SourceQuality "1"]
[TimeControl "5400+30"]

1. e4 {[%emt 0:00:00]} e5 {[%emt 0:07:14]} 2. Nf3 {[%emt 0:00:00]} Nc6 {[%emt 0:00:05]} 3. Bb5 {[%emt 0:00:45]} a6 {[%emt 0:00:06]} 4. Ba4 {[%emt 0:00:07]} Nf6 {[%emt 0:00:16]} 5. O-O {[%emt 0:00:13]} Be7 {[%emt 0:00:14]} 6. d3 {[%emt 0:00:17]} d6 {[%emt 0:00:35]} 7. c4 {[%emt 0:04:43]} Bd7 {[%emt 0:03:40]} 8. Be3 {[%emt 0:04:41]} O-O {[%emt 0:01:37]} 9. h3 {[%emt 0:06:04]} Re8 {[%emt 0:02:01]} 10. Nc3 {[%emt 0:02:25]} Bf8 {[%emt 0:00:08]} 11. Rc1 {[%emt 0:06:40]} g6 {[%emt 0:01:33]} 12. Nd5 {[%emt 0:00:42]} Bg7 {[%emt 0:00:47]} 13. Bg5 {[%emt 0:09:41]} Nb8 {[%emt 0:03:19]} 14. Bxd7 {[%emt 0:12:04]} Nbxd7 {[%emt 0:00:06]} 15. Re1 {[%emt 0:04:22]} c6 {[%emt 0:00:54]} 16. Nc3 {[%emt 0:03:53]} Nc5 {[%emt 0:04:36]} 17. Be3 {[%emt 0:14:37]} Ne6 {[%emt 0:03:01]} 18. d4 {[%emt 0:06:01]} exd4 {[%emt 0:02:05]} 19. Nxd4 {[%emt 0:00:38]} Nc5 {[%emt 0:01:17]} 20. f3 {[%emt 0:00:51]} Nfd7 {[%emt 0:00:44]} 21. b4 {[%emt 0:00:39]} Ne6 {[%emt 0:00:05]} 22. Nxe6 {[%emt 0:00:09]} Rxe6 {[%emt 0:00:06]} 23. Ne2 {[%emt 0:01:19]} Qc7 {[%emt 0:07:17]} 24. Qd2 {[%emt 0:00:51]} Rd8 {[%emt 0:03:39]} 25. Red1 {[%emt 0:01:01]} Ne5 {[%emt 0:04:03]} 26. a4 {[%emt 0:02:58]} Rde8 {[%emt 0:15:15]} 27. Nd4 {[%emt 0:07:50]} R6e7 {[%emt 0:00:21]} 28. Nb3 {[%emt 0:01:46]} Qc8 {[%emt 0:09:17]} 29. Bg5 {[%emt 0:06:50]} f6 {[%emt 0:00:04]} 30. Bf4 {[%emt 0:01:39]} f5 {[%emt 0:00:21]} 31. exf5 {[%emt 0:00:59]} Qxf5 {[%emt 0:00:09]} 32. Nd4 {[%emt 0:00:31]} Qf7 {[%emt 0:00:27]} 33. Bg5 {[%emt 0:00:35]} Nxc4 {[%emt 0:01:19]} 34. Qc3 {[%emt 0:00:38]} Ne3 {[%emt 0:00:58]} 35. Rd3 {[%emt 0:00:28]} Nd5 {[%emt 0:00:42]} 36. Qd2 {[%emt 0:00:02]} Re5 {[%emt 0:00:49]} 37. b5 {[%emt 0:00:57]} Rxg5 {[%emt 0:01:06]} 38. Qxg5 {[%emt 0:00:29]} Nf4 {[%emt 0:00:01]} 39. Rcd1 {[%emt 0:00:17]} Nxd3 {[%emt 0:05:07]} 40. Rxd3 {[%emt 0:00:02]} Qc4 {[%emt 0:00:02]} 41. Qd2 {[%emt 0:00:02]} Qxa4 {[%emt 0:00:04]} 42. bxc6 {[%emt 0:00:24]} bxc6 {[%emt 0:00:07]} 43. Ne2 {[%emt 0:01:49]} Qa1+ {[%emt 0:01:01]} 44. Kh2 {[%emt 0:00:30]} Qe5+ {[%emt 0:00:05]} 45. Ng3 {[%emt 0:00:02]} d5 {[%emt 0:00:04]} 46. f4 {[%emt 0:00:01]} Qb2 {[%emt 0:03:23]} 47. Qd1 {[%emt 0:00:02]} a5 {[%emt 0:02:15]} 48. Rb3 {[%emt 0:00:14]} Qd4 {[%emt 0:00:55]} 49. Qg4 {[%emt 0:00:03]} a4 {[%emt 0:08:38]} 50. Rb7 {[%emt 0:00:01]} a3 {[%emt 0:00:06]} 51. Qd7 {[%emt 0:00:09]} Ra8 {[%emt 0:01:47]} 52. Qxc6 {[%emt 0:01:48]} a2 {[%emt 0:00:20]} 53. Rxg7+ {[%emt 0:02:05]} Kxg7 {[%emt 0:00:13]} 54. Qb7+ {[%emt 0:00:26]} Kh6 {[%emt 0:00:20]} 55. Qxa8 {[%emt 0:00:13]} a1=Q {[%emt 0:00:08]} 56. Qf8+ {[%emt 0:00:38]} Qg7 {[%emt 0:00:01]} 57. Qd8 {[%emt 0:00:29]} Qgf6 {[%emt 0:00:22]} 58. Qxd5 {[%emt 0:00:49]} Qxf4 {[%emt 0:01:00]} 59. Qd8 {[%emt 0:00:30]} Qae5 {[%emt 0:00:29]} 60. Qd3 {[%emt 0:00:22]} Qfe3 {[%emt 0:00:19]} 61. Qxg6+ {[%emt 0:00:37]} 0-1